Tous les clubs du big five (2024-2025) - Statistiques

Statistiques générales
  • Ce quiz a été pris 73 fois
  • Le résultat moyen est 39 sur 96
Statistiques - réponses
Réponse % Correct
OM
89%
OL
88%
PSG
88%
Lille
84%
Manchester United
80%
Manchester City
79%
Liverpool
77%
Real Madrid
77%
Barcelone
73%
Bayern Munich
71%
Lens
71%
AC Milan
70%
Arsenal
70%
Chelsea
70%
Inter Milan
70%
Toulouse
68%
Atlético Madrid
66%
Nantes
66%
Saint-Etienne
66%
Nice
64%
Strasbourg
63%
Brest
61%
Juventus
61%
Monaco
61%
Rennes
61%
Angers
59%
Bayer Leverkusen
59%
Séville
59%
Borussia Dortmund
55%
Reims
55%
Valence
55%
Auxerre
54%
Le Havre
54%
Montpellier
54%
Tottenham
54%
AS Roma
52%
Real Sociedad
52%
West Ham
50%
Aston Villa
48%
Betis
46%
Lazio
46%
Naples
46%
Nottingham Forest
43%
Atalanta
41%
Crystal Palace
41%
Wolverhampton
41%
Leicester
39%
Newcastle
39%
Bournemouth
38%
Everton
38%
Southampton
36%
Torino
36%
Villareal
36%
Brighton
34%
Fiorentina
34%
Fulham
29%
Stuttgart
29%
Union Berlin
29%
Brentford
27%
Genoa
25%
Getafe
25%
Las palmas
25%
Rayo Vallecano
25%
RB Leipzig
25%
Côme
23%
Ipswich Town
23%
Udinese
23%
Espanyol
21%
Parme
21%
Valladolid
21%
Bologne
20%
Wolfsburg
20%
Girona
18%
Hellas Vérone
18%
Osasuna
18%
Cagliari
16%
Eintracht Francfort
16%
Lecce
16%
Majorque
16%
Mönchengladbach
16%
Fribourg
14%
Monza
14%
Venezia
14%
Werder Brême
14%
Celta Vigo
13%
Heidenheim
13%
Hoffenheim
11%
Vfl Bochum
11%
Atlético Bilbao
9%
Sankt Pauli
9%
Augsbourg
7%
Deportivo Alavés
7%
Empoli
7%
Holstein Kiel
7%
Mainz 05
7%
Leganés
4%
Aucun quiz correspondant
Distribution des résultats
% des personnes avec chaque résultat
Percentile par nombre de réponses
Votre historique - résultats
Vous n’avez pas pris ce quiz